| 000 | 01034nam a22003010a 4500 | ||
|---|---|---|---|
| 001 | PT5799 | ||
| 003 | AR-LpoUNG | ||
| 005 | 20210131232131.0 | ||
| 008 | 191001s1992||||sp |||||||||||||||||spa d | ||
| 020 |
_a8475092276 _c$6 |
||
| 040 |
_aAR-LpoUNG _bspa _cAR-LpoUNG _eaacr |
||
| 041 | _aspa | ||
| 044 | _asp | ||
| 082 | 0 | _a410 573cie | |
| 100 | 1 | _aDijk, Teun Adrianus van | |
| 245 | 1 | 3 |
_aLa ciencia del texto : _bun enfoque interdisciplinario |
| 250 | _a3ª ed. | ||
| 260 |
_aBarcelona : _bPaidós, _c1992. |
||
| 300 |
_a307 p. : _btbls., gráfs. |
||
| 505 | 0 | _aContiene un epílogo a la edición castellana del autor | |
| 520 | _aEn este trabajo el autor explica, en forma pedagógica, la evolución de esta nueva disciplina: la ciencia del texto. Esta es la primera publicación en castellano sobre el análisis de los téxtos desde un punto de vista interdisciplinario. | ||
| 650 | 4 | _aLENGUA | |
| 650 | 4 | _aLINGUISTICA | |
| 650 | 4 | _aSEMANTICA | |
| 700 | 1 |
_aHunzínger, Sibila _etr. |
|
| 905 | _a5799 | ||
| 942 | _cLIB | ||
| 999 |
_c13926 _d13926 |
||